Musical Acts by State - Minnesota - Statistics

General Stats
  • This quiz has been taken 95 times
  • The average score is 6 of 30
Answer Stats
City/Town Songs Answer % Correct
Minneapolis Purple Rain | When Doves Cry Prince
92%
Duluth Like A Rolling Stone | Knockin' On Heaven's Door Bob Dylan
88%
Minneapolis Funkytown | Designer Music Lipps Inc.
61%
Minneapolis Closing Time | Secret Smile Semisonic
49%
Minneapolis Runaway Train | Somebody To Shove Soul Asylum
47%
Minneapolis Surfin' Bird | Malaguena The Trashmen
34%
Minneapolis Mele Kalikimaka | Boogie Woogie Bugle Boy The Andrews Sisters
28%
Albert Lea Summertime Blues | C'mon Everybody Eddie Cochran
26%
Minneapolis I'll Be You | Androgynous The Replacements
17%
Rochester Mr. Clean | Betty (Get Money) Yung Gravy
17%
Minneapolis Too Close | Wifey Next
13%
Minneapolis You Got It All | Crush On You The Jets
12%
Saint Paul What's On Your Mind (Pure Energy) | Repetition Information Society
11%
Duluth Wait So Long | Whiskey Trampled by Turtles
8%
Saint Paul Edge Of A Broken Heart | Cryin' Vixen
8%
Saint Paul Don't Want To Know If You Are Lonely | Makes No Sense At All Hüsker Dü
7%
Minneapolis Mr. Custer | Mister Livingston Larry Verne
7%
Duluth Lullaby | Just Like Christmas Low
5%
Saint Paul Torn Between Two Lovers | The Girl (Has Turned Into A Woman) Mary MacGregor
5%
Minneapolis Sunshine | Trying To Find A Balance Atmosphere
4%
Saint Paul Buttercup | Way It Goes Hippo Campus
4%
Saint Paul Breakin' My Heart (Pretty Brown Eyes) | What Kind Of Man Would I Be Mint Condition
4%
Minneapolis Squad Goals | Andre The Giant Prof
3%
Hopkins Time After Time | Rise From The Ashes Quietdrive
3%
New Prague Rebels | Monster (Under My Bed) Call Me Karizma
1%
St. Cloud You Were Born | Chemicals Collide Cloud Cult
1%
Minneapolis Give Thanks | Thank You Lord Don Moen
1%
Bloomington Flames | Stay Away Mod Sun
1%
Minneapolis Everything Is Alright | The Future Freaks Me Out Motion City Soundtrack
1%
Mankato Run, Run, Run | Don't Mess Around The Gestures
1%
No matching quizzes found
Score Distribution
Percent of People with Each Score
Percentile by Number Answered
Your Score History
You have not taken this quiz